La educación de los niños de 3 a 7 años

I tiakina i:
Ngā taipitopito rārangi puna kōrero
Kaituhi matua: Fontana, David (Author)
Hōputu: Pukapuka
Reo:Pāniora
I whakaputaina: Barcelona Planeta 1986
Rangatū:Nueva Paideia. Biblioteca Práctica de Pedagogía, Psicología y Psicopatología de la Infancia
Ngā marau:
Ngā Tūtohu: Tāpirihia he Tūtohu
Kāore He Tūtohu, Me noho koe te mea tuatahi ki te tūtohu i tēnei pūkete!

MARC

LEADER 00000nam a2200000 a 4500
001 UCZ8468
003 CL-VaPUC
008 960121e19860000SP |||||||||||||||||spa|d
082 0 4 |a 372.21  |b FON  |2 21 
100 0 |a Fontana, David  |e author  |9 353747 
245 1 3 |a La educación de los niños de 3 a 7 años 
246 1 3 |a Un manual para los padres y los maestros de parvularios o guarderías infantiles 
300 |a 379 p 
942 |c BK 
945 |d 19960121 00:00:00  |a cmena 
260 |a Barcelona  |b Planeta  |c 1986 
650 0 |a Educación preescolar  |9 260381 
650 7 |a EDUCADOR DE PARVULOS  |2 CL-VaPUC  |9 339207 
650 7 |a JARDIN INFANTIL  |2 CL-VaPUC  |9 308724 
650 7 |a DESARROLLO FISIOLOGICO  |2 CL-VaPUC  |9 312423 
650 0 |a Psicología del niño  |9 307305 
650 0 |a Inteligencia  |9 267038 
650 0 |a Creatividad   |9 310816 
650 0 |a Desarrollo mental   |9 313003 
650 0 |a Integración social  |9 319662 
650 0 |a Aprendizaje   |9 254827 
583 |a last modification  |c 19960121 00:00:00  |k Rodrigo Vera 
490 0 |a Nueva Paideia. Biblioteca Práctica de Pedagogía, Psicología y Psicopatología de la Infancia 
999 |c 244358  |d 244356 
952 |0 0  |1 0  |4 0  |6 372_210000000000000_FON_1986  |7 0  |8 A  |9 258394  |a BIBEDU  |b BIBEDU  |d 2019-11-19  |i 1617605  |o 372.21 FON 1986  |p 1617605  |r 2019-11-19  |w 2019-11-19  |y BK  |k EDU